La clave probatoria en los procesos matrimoniales: indicios y circunstancias
Đã lưu trong:
| Tác giả chính: | |
|---|---|
| Định dạng: | Sách |
| Ngôn ngữ: | Tiếng Tây Ban Nha |
| Được phát hành: |
Pamplona
Eunsa
1978
|
| Loạt: | Canónica de la Universidad de Navarra
|
| Những chủ đề: | |
| Các nhãn: |
Thêm thẻ
Không có thẻ, Là người đầu tiên thẻ bản ghi này!
|
MARC
| LEADER | 00000nam a2200000 a 4500 | ||
|---|---|---|---|
| 001 | UCT7916 | ||
| 003 | CL-VaPUC | ||
| 008 | 970317e19780000SP |||||||||||||||||spa|d | ||
| 082 | 0 | 4 | |a 262.933 |b AMO |2 21 |
| 100 | 0 | |a Amo Pachón, León del |e author |9 379205 | |
| 245 | 1 | 3 | |a La clave probatoria en los procesos matrimoniales: indicios y circunstancias |
| 300 | |a 651 p | ||
| 942 | |c BK | ||
| 945 | |d 19970317 00:00:00 |a paguirre | ||
| 260 | |a Pamplona |b Eunsa |c 1978 | ||
| 650 | 7 | |a DERECHO CANONICO |2 CL-VaPUC |9 379206 | |
| 650 | 7 | |a MATRIMONIO |2 CL-VaPUC |9 379207 | |
| 650 | 7 | |a NULIDAD DEL MATRIMONIO |2 CL-VaPUC |9 379208 | |
| 650 | 0 | |a Iglesia Católica |9 256114 | |
| 650 | 0 | |a Prueba |9 256247 | |
| 650 | 0 | |a Apreciación de la prueba |9 254854 | |
| 583 | |a last modification |c 19970317 00:00:00 |k Rodrigo Vera | ||
| 490 | 0 | |a Canónica de la Universidad de Navarra | |
| 999 | |c 256462 |d 256460 | ||
| 952 | |0 0 |1 0 |4 0 |6 262_933000000000000_AMO_1978 |7 0 |8 A |9 279210 |a BIBDER |b BIBDER |d 2019-11-19 |i 1809601 |o 262.933 AMO 1978 |p 1809601 |r 2023-01-25 |w 2019-11-19 |y BK |k DER | ||